Swal-Ul-Sabeel (Record no. 4062)

MARC details
000 -LEADER
fixed length control field 00594nam a2200241 a 4500
020 ## - INTERNATIONAL STANDARD BOOK NUMBER
ISBN
082 00 - DEWEY DECIMAL CLASSIFICATION NUMBER
Classification number 297.86
Author Cutter AMR
100 ## - MAIN ENTRY--AUTHOR NAME
Author name Amrohavi, Sayeed Mohd, Ahsan
245 ## - TITLE STATEMENT
Title Swal-Ul-Sabeel
260 ## - PUBLICATION, DISTRIBUTION, ETC. (IMPRINT)
Place of publication Qadian
Name of publisher Matbua Ziaul Islam
Year of publication 1895
300 ## - PHYSICAL DESCRIPTION
Number of Pages 44p.
500 ## - GENERAL NOTE
General note includes index and biblioraphy
505 2# - FORMATTED CONTENTS NOTE
Formatted contents note Various Documents
650 ## - SUBJECT ADDED ENTRY--TOPICAL TERM
Topical Term Ahmadiyyah
942 ## - ADDED ENTRY ELEMENTS (KOHA)
Koha item type Books
700 1# -
-- Amrohavi, Sayeed Mohd, Ahsan
Holdings
Collection code Home library Current library Date acquired Cost, normal purchase price Full call number Accession Number Koha item type
  Henry Martyn Institute Library Henry Martyn Institute Library 07/02/2007 100.00 297.86 AMR 06144 Books
                   Copyright © 2026 | Henry Martyn Institute | Hyderabad | TS-500052 | INDIA | Implemented by hmi.edu.in
Hit-Count:

Powered by Koha